000 00404nam a2200133Ia 4500
008 201002s9999 xx 000 0 und d
020 _a978-971-980-885-5
100 _aBrawner, Dalisay G.
245 _cDalisay G. Brawner, Analiza F. Arcega
_aUnderstanding the self/
260 _aManila:
_bC&E Publishing
_c2018
300 _axii, 151 pages
_c22 cm.
650 _aPersonality
650 _aSelf-perfection
999 _c364557
_d364557